000 01301nam a22002657a 4500
005 20090812104940.0
008 090807t xxu||||| |||| 00| 0 hin d
010 _aHIN-87701
020 _a9788179102636
_c325.00
035 _aHN-60047
037 _bDBAD / PUB
040 _adpl
_bhn
082 _a342.52
100 _aसिंह, राजबाला
245 _aजापान का संविधान /
_cराजबाला सिंह
246 _aJapan Ka Sanvidhan
_bby Rajbala Singh
250 _b2रा संस्क.
260 _aजयपुर
_bआविष्कार पब्लिशर्स, डिस्ट्रीब्यूटर्स
_c2009
270 _a807, व्यास बिल्डिंग, चौड़ा रास्ता
_bजयपुर
_e302003
_k2578159
_maavishkarbooks@hotmail.com
_l2578159
300 _a104पृ.
_c22सेमी (सजिल्द)
650 _aसंविधान
_xभारत
650 _aConstitution
_xIndia
942 _2ddc
_cHN
_mसिंहरा
_h342.52
999 _c29154
_d29154